| 000 | 00547nam a2200205Ia 4500 | ||
|---|---|---|---|
| 003 | GCL | ||
| 008 | 140319s9999 xx 000 0 eng d | ||
| 040 |
_aGCL / _cGCL |
||
| 082 | 0 | 4 |
_a940.55 _bP M |
| 100 | 1 | _aPHLIMLIN, PIERRE | |
| 245 | 1 | 0 |
_aMEMOIRE D'UN EUROPEEN DE LA IV A LA V REPUBLIQUE / _cPHLIMLIN, PIERRE |
| 260 |
_a[S.N] : _bFAYARD ، _c1991 |
||
| 300 | _a391 | ||
| 650 | 0 | 4 | _aEUROPEAN ECONOMIC |
| 650 | 0 | 4 | _aEUROPE |
| 650 | 0 | 4 | _aEUROPE - HISTORY |
| 650 | 0 | 4 | _aHISTORY |
| 650 | 0 | 4 | _aEUROPE POLITICS AND GOVERNMENT |
| 942 |
_2ddc _cBK |
||
| 999 |
_c25465 _d25465 |
||